[Event "ISR-ch"]
[Site "Tel Aviv"]
[Date "1994.??.??"]
[Round "9"]
[White "Zilberman, Yaacov"]
[Black "Maryasin, Boris"]
[Result "1-0"]
[WhiteElo "2460"]
[BlackElo "2330"]

1.d4 Nf6 2.Nf3 g6 3.c4 Bg7 4.Nc3 O-O 5.e4 d6 6.Be2 e5 7.d5 a5 8.Bg5 h6 9.Bh4 Na6
10.Nd2 Qe8 11.a3 Bd7 12.b3 Nh7 13.Rb1 f5 14.f3 Bf6 15.Bf2 c5 16.dxc6 bxc6
17.b4 axb4 18.axb4 Ng5 19.O-O Ne6 20.exf5 gxf5 21.Re1 Qg6 22.Kh1 e4 23.Na4 Nf4
24.Bf1 c5 25.Nb6 Rad8 26.g3 Ne6 27.Nxd7 Rxd7 28.Qa4 Nb8 29.fxe4 Bc3 30.Qc2 fxe4
31.Qxc3 Rxf2 32.Bg2 cxb4 33.Qe3 Rdf7 34.Nxe4 Rxg2 35.Kxg2 d5 36.cxd5 Nf4+
37.Kh1 Nxd5 38.Qc5 Qf5 39.Rbd1 Qf3+ 40.Kg1 Nf4 41.gxf4 Rg7+ 42.Ng5  1-0

[Event "ISR-ch"]
[Site "Tel Aviv"]
[Date "1994.??.??"]
[Round "9"]
[White "Bruk, Ofer"]
[Black "Gamayev, Oleg"]
[Result "1-0"]
[WhiteElo "2435"]
[BlackElo "2180"]

1.Nf3 Nf6 2.c4 g6 3.Nc3 Bg7 4.e4 O-O 5.d4 d6 6.Be2 e5 7.dxe5 dxe5 8.Qxd8 Rxd8
9.Bg5 Re8 10.Nd5 Nxd5 11.cxd5 c6 12.Bc4 cxd5 13.Bxd5 Nc6 14.O-O-O Nb4 15.Bb3 Be6
16.Kb1 Bxb3 17.axb3 a5 18.Rd7 b5 19.Rc1 a4 20.Bd2 Na6 21.Rb7 axb3 22.Rxb5 Reb8
23.Rxb8+ Rxb8 24.Rc4 f6 25.Rc3 f5 26.Be3 f4 27.Bd2 Bf8 28.Nxe5 Bb4 29.Nc6 Bxc3
30.Nxb8 Bxd2 31.Nxa6 f3 32.gxf3 Bf4 33.h3 Bd6 34.Kc1 Bf4+ 35.Kd1 Be5 36.Nc5 Bxb2
37.Nxb3 Kg7 38.f4 Kf6 39.Ke2 Bc3 40.Nc5 Ba1 41.Kf3 Bd4 42.Nd3 Bc3 43.Ke3 Ke6
44.Nc1 Be1 45.Ne2 Ke7 46.Nd4 Kd6 47.Nf3 Ba5 48.Ng5 h5 49.Nf3 Ke6 50.Nh4 Kf7
51.Kf3 Bd8 52.Ng2 Bc7 53.Ne3 Kf6 54.e5+ Ke6 55.Ke4 Bb6 56.f3 Bc7 57.Nc2 Ba5
58.Nd4+ Kf7 59.f5 g5 60.f6 Kg6 61.Nc6 Bc7 62.Ne7+  1-0

[Event "ISR-ch"]
[Site "Tel Aviv"]
[Date "1994.??.??"]
[Round "11"]
[White "Alterman, Boris"]
[Black "Oratovsky, Michael"]
[Result "1-0"]
[WhiteElo "2585"]
[BlackElo "2520"]

1.d4 d6 2.Nf3 g6 3.c4 Bg7 4.Nc3 Nd7 5.e4 e5 6.Be2 Ngf6 7.O-O O-O 8.Be3 Qe7
9.Qc2 exd4 10.Nxd4 c6 11.Rad1 Nc5 12.f3 d5 13.cxd5 cxd5 14.Bg5 Ne6 15.Nxe6 Bxe6
16.Nxd5 Bxd5 17.Rxd5 h6 18.Bxf6 Qxf6 19.b3 Rad8 20.Bc4 b6 21.g3 Rxd5 22.Bxd5 Qb2
23.Rc1 Qxc2 24.Rxc2 Bd4+ 25.Kg2 Bc5 26.b4 Bd6 27.Rc6 Rd8 28.f4 Kg7 29.Bb3 Rd7
30.b5 Bc7 31.e5 Bd8 32.Kf3 Rc7 33.Rxc7 Bxc7 34.Ke4 f6 35.Kd5 fxe5 36.fxe5 Kf8
37.Bc2 g5 38.Ke6 Bd8 39.g4 Bc7 40.h3 Bb8 41.Bg6 Bc7 42.a4 Kg7 43.Be8 Kf8
44.Bh5 Kg7 45.Kd5 Kf8 46.e6 Ke7 47.Kc6 Bd6 48.Bf7 Bb4 49.Kb7 Kd6 50.Kxa7 Kc7
51.Ka6 Bc5 52.a5 bxa5 53.b6+ Kc6 54.b7  1-0

[Event "Terrassa op"]
[Site "Terrassa"]
[Date "1994.??.??"]
[Round "4"]
[White "Bellon Lopez, Juan Manuel"]
[Black "Vidarte Morales, Arturo"]
[Result "1-0"]
[WhiteElo "2460"]
[BlackElo "2385"]

1.d4 Nf6 2.c4 g6 3.Nc3 Bg7 4.e4 d6 5.Nf3 O-O 6.Be2 Na6 7.O-O e5 8.d5 Nc5
9.Qc2 a5 10.Bg5 h6 11.Be3 Ng4 12.Bxc5 dxc5 13.Rad1 Qe7 14.Nb5 Ra6 15.Ne1 Nf6
16.g3 Ne8 17.f4 f5 18.fxe5 Qxe5 19.Nd3 Qxe4 20.Bf3 Qe3+ 21.Kg2 h5 22.Nf4 Qe7
23.d6 cxd6 24.Nxg6 Qg5 25.Bd5+ Kh7 26.Nxf8+ Bxf8 27.Rde1 Bd7 28.Be6 Bxe6
29.Rxe6 Ng7 30.h4 Qd8 31.Rxf5 Nxf5 32.Qxf5+ Kg8 33.Qg6+  1-0

[Event "Terrassa op"]
[Site "Terrassa"]
[Date "1994.??.??"]
[Round "8"]
[White "Gomez Jurado, Luis Alberto"]
[Black "Pavlovic, Milos"]
[Result "0-1"]
[WhiteElo "2295"]
[BlackElo "2495"]

1.d4 Nf6 2.Nf3 g6 3.c4 Bg7 4.Nc3 d6 5.e4 O-O 6.Be2 e5 7.d5 a5 8.Bg5 h6 9.Bh4 Na6
10.Nd2 h5 11.O-O Bh6 12.f4 exf4 13.Nf3 Bg4 14.Qd4 Bg7 15.Qd2 Bxf3 16.Qxf4 Bxe2
17.Nxe2 Nc5 18.Bxf6 Qxf6 19.Qxf6 Bxf6 20.Rxf6 Nxe4 21.Rf4 Nc5 22.Nd4 Rfe8
23.Raf1 Re7 24.g4 Nd3 25.R4f3 Ne5 26.Rb3 Nxc4 27.gxh5 Nd2 28.Rxb7 Nxf1 29.Kxf1 Re4
30.Nc6 gxh5 31.Rxc7 Rae8 32.Nxa5 Re1+ 33.Kg2 R8e2+ 34.Kg3 Rg1+ 35.Kf3 Rxh2
36.Nc4 Rh3+ 37.Kf2 Rd1 38.a4 Rdd3 39.a5 Rh2+ 40.Ke1 Rg3 41.Kf1 Rc2 42.Rc8+ Kh7
43.Nxd6 Rxb2 44.Rc7 Rd3 45.Rxf7+ Kg6 46.Rf2 Rd1+ 47.Kg2 Rxf2+ 48.Kxf2 Rxd5
49.Nb7 Rd2+ 50.Kg3 Ra2 51.Kh4 Ra4+ 52.Kg3 h4+ 53.Kh3 Kh5 54.Nc5 Ra3+ 55.Kg2 Kg4
56.Ne4 Ra2+ 57.Nf2+ Kf4 58.Kg1 Kf3  0-1

[Event "Ticino op"]
[Site "Ticino"]
[Date "1994.??.??"]
[Round "6"]
[White "Legky, Nikolay A"]
[Black "Foisor, Cristina Adela B"]
[Result "1/2-1/2"]
[WhiteElo "2510"]
[BlackElo "2405"]

1.d4 Nf6 2.Nf3 g6 3.c4 Bg7 4.Nc3 O-O 5.e4 d6 6.Be2 Na6 7.O-O e5 8.Re1 Ng4
9.dxe5 Nxe5 10.Nd4 Bd7 11.Be3 Nc6 12.Ndb5 Nc5 13.Nd5 Ne6 14.Qd2 Ne7 15.Rac1 Nc8
16.Nf4 a6 17.Nc3 Nxf4 18.Bxf4 Ne7 19.Nd5 Nxd5 20.cxd5 Re8 21.Bf3 Be5 22.Bg5 Qb8
23.Bd1 c5 24.dxc6 bxc6 25.Ba4 Qxb2 26.Bxc6 Bxc6 27.Rxc6 Qxd2 28.Bxd2 Rab8
29.Rec1 h5 30.Kf1 Rb2 31.R1c2 Rb1+ 32.Ke2 Bxh2 33.g3 h4 34.Rc8 Rxc8 35.Rxc8+ Kg7
36.Bc3+ f6 37.Rc7+ Kg8 38.gxh4 Be5 39.Bxe5 fxe5 40.Kf3 Rb2 41.a3 Rb3+ 42.Kg4 Rxa3
43.Rd7 Ra2 44.Kg5 Rxf2 45.Kxg6 Rg2+ 46.Kf5 Rf2+ 47.Ke6 Re2  1/2-1/2

[Event "Timisoara (Women)"]
[Site "Timisoara"]
[Date "1994.??.??"]
[Round "12"]
[White "Nutu Gajic, Dana"]
[Black "Agababian, Naira"]
[Result "1-0"]
[WhiteElo "2345"]
[BlackElo "2205"]

1.d4 Nf6 2.c4 g6 3.Nc3 Bg7 4.e4 d6 5.Nf3 O-O 6.Be2 e5 7.Be3 exd4 8.Nxd4 Re8
9.f3 c6 10.Qd2 Qe7 11.Bg5 Qf8 12.O-O h6 13.Be3 Kh7 14.Rad1 Qe7 15.Nb3 Rd8
16.Bf4 d5 17.cxd5 cxd5 18.exd5 Nh5 19.d6 Qh4 20.g3 Qh3 21.Bc4 Nc6 22.Rfe1 Be6
23.Bf1 Qf5 24.Bd3 Qh3 25.Nd4 Bb3 26.axb3 Nxd4 27.Be2 Qf5 28.Be3 Nxf3+ 29.Bxf3 Qxf3
30.Bd4 Rac8 31.Re3 Qf5 32.Bxg7 Kxg7 33.Qd4+ Kh7 34.Rf1 Qd7 35.Qd5 Rf8 36.Qxh5  1-0

[Event "Tiraspol"]
[Site "Tiraspol"]
[Date "1994.??.??"]
[Round "7"]
[White "Savon, Vladimir A"]
[Black "Saltaev, Mihail"]
[Result "1/2-1/2"]
[WhiteElo "2435"]
[BlackElo "2480"]

1.c4 Nf6 2.Nc3 d6 3.d4 g6 4.e4 Bg7 5.Nf3 O-O 6.Be2 e5 7.dxe5 dxe5 8.Qxd8 Rxd8
9.Bg5 Re8 10.Nd5 Nxd5 11.cxd5 c6 12.Bc4 cxd5 13.Bxd5 Nc6 14.O-O  1/2-1/2

[Event "Four Nations Team U20"]
[Site "Tjele"]
[Date "1994.??.??"]
[Round "2"]
[White "Borbjerggaard, Lars"]
[Black "Hagesaether, Paal Vegard"]
[Result "1-0"]
[WhiteElo "2115"]
[BlackElo "2130"]

1.d4 Nf6 2.Nf3 g6 3.c4 Bg7 4.Nc3 O-O 5.e4 d6 6.Be2 e5 7.O-O exd4 8.Nxd4 Re8
9.f3 Nc6 10.Be3 Nh5 11.Re1 Be5 12.Nxc6 bxc6 13.Bd4 Qh4 14.Bxe5 Rxe5 15.Bf1 Rb8
16.b3 Ng7 17.Qd2 Qf6 18.f4 Re8 19.g3 Ne6 20.e5 dxe5 21.Rxe5 Rd8 22.Qe3 Bb7
23.Bg2 Rd4 24.Ne4 Qd8 25.f5 Rd3 26.Qf2 Rd1+ 27.Rxd1 Qxd1+ 28.Bf1 Nd4 29.Ng5 Nxf5
30.Re1 Qd8 31.Qxa7 c5 32.Ne4 Bxe4 33.Rxe4 Ra8 34.Qxc5 Rxa2 35.Qe5 h5 36.b4 Qd6
37.Qxd6 cxd6 38.Bh3 Ng7 39.Bd7 Ra6 40.b5 Rb6 41.Kf2 Kf8 42.Ke2 Rb7 43.Bc6 Rb6
44.Kd3 Ne6 45.Kc3 Ke7 46.Kb4 Rb8 47.Ka5 Kd8 48.b6 Rc8 49.b7 Rb8 50.Kb6 g5
51.Re1 h4 52.gxh4 gxh4 53.Rg1  1-0

[Event "Four Nations Team U20"]
[Site "Tjele"]
[Date "1994.??.??"]
[Round "3"]
[White "Von Bahr, Oskar"]
[Black "Tonning, Erik"]
[Result "0-1"]
[WhiteElo "2175"]
[BlackElo "2080"]

1.d4 Nf6 2.c4 g6 3.Nc3 Bg7 4.e4 d6 5.Be2 O-O 6.Nf3 e5 7.d5 a5 8.Bg5 Na6 9.Nd2 Qe8
10.O-O h6 11.Bh4 h5 12.f3 Nh7 13.a3 Bd7 14.b3 Bh6 15.Bf2 Qe7 16.Kh1 Qg5 17.Ra2 h4
18.h3 Qd8 19.Qe1 g5 20.Rb2 Nf6 21.b4 axb4 22.axb4 Nh5 23.c5 Bxh3 24.f4 Bxg2+
25.Kxg2 Nxf4+ 26.Kh2 Qc8  0-1

[Event "SVK-ch"]
[Site "Topolcianky"]
[Date "1994.??.??"]
[Round "7"]
[White "Timoshenko, Georgy"]
[Black "Mrva, Martin"]
[Result "1/2-1/2"]
[WhiteElo "2520"]
[BlackElo "2390"]

1.d4 Nf6 2.c4 g6 3.Nc3 Bg7 4.e4 d6 5.Nf3 O-O 6.Be2 e5 7.d5 Na6 8.Be3 Ng4
9.Bg5 h6 10.Bh4 Qe8 11.Nd2 f5 12.Bxg4 fxg4 13.Bg5 c5 14.a3 Bd7 15.Qe2 Bf6
16.Be3 Bd8 17.O-O Ba5 18.Nb5 Qe7 19.Nb3 Bb6 20.a4 Bd8 21.a5 Rf7 22.f3 gxf3
23.Rxf3 Bg4 24.Rxf7 Bxe2 25.Rxe7 Bxe7 26.Nc1 Bg4 27.h3 Bd7 28.Na2 Bxb5 29.cxb5 Nc7
30.Nc3 Bh4 31.Kf1 a6 32.b6 Ne8 33.Ke2 Nf6 34.Ra4 Nh5 35.Rc4 Rf8 36.Kd3 Nf4+
37.Bxf4 Rxf4 38.b4 cxb4 39.Rxb4 Be1 40.Rc4 Bxc3 41.Rxc3 g5 42.Ke3 Kg7 43.Rc7+ Rf7
44.Ke2 Kg8 45.Rc3 Rf4 46.Re3 Kg7 47.Ke1 h5 48.Ke2 Kg6 49.Ke1 Kg7 50.Re2 Kg6
51.Kd2 Rf1 52.Ke3 Kg7 53.Rc2 Rf4 54.Rc7+ Rf7 55.Ke2 Kg8 56.Kd3 Kg7 57.Kc2 Kg8
58.Kc3 Kg7 59.Kb3 Kg8 60.Rc3 Kg7 61.Rg3 Kg6 62.Re3 Kg7 63.Re2 Kg6 64.Rc2 Kg7
65.Rc3 Rf4 66.Rc6 Rf6 67.Kc4 Kg8 68.Kd3 Kg7 69.Ke3 Kg8 70.Rc8+ Rf8 71.Rc7 Rf7  1/2-1/2

[Event "SVK-ch"]
[Site "Topolcianky"]
[Date "1994.??.??"]
[Round "9"]
[White "Kruppa, Yuri"]
[Black "Balogh, Tomas"]
[Result "1-0"]
[WhiteElo "2505"]
[BlackElo "2250"]

1.d4 Nf6 2.c4 g6 3.Nc3 Bg7 4.e4 d6 5.Nf3 O-O 6.Be2 e5 7.d5 a5 8.Bg5 h6 9.Bh4 Na6
10.Nd2 Qe8 11.O-O Nh7 12.Kh1 f5 13.exf5 Bxf5 14.Nde4 Nf6 15.f3 b6 16.Qd2 g5
17.Bf2 Nxe4 18.fxe4 Bd7 19.Qd1 Rf4 20.Bh5 Qe7 21.Be3 Raf8 22.Qe2 Nc5 23.g3 Rxf1+
24.Rxf1 Rxf1+ 25.Qxf1 Qf8 26.Qe2 Qc8 27.Kg1 Kh7 28.Bxc5 dxc5 29.Nd1 Qa6 30.Qf1 b5
31.Qf7 Qc8 32.Ne3 b4 33.Bg6+ Kh8 34.Bf5  1-0

[Event "SVK-ch"]
[Site "Topolcianky"]
[Date "1994.??.??"]
[Round "11"]
[White "Kruppa, Yuri"]
[Black "Mrva, Martin"]
[Result "1-0"]
[WhiteElo "2505"]
[BlackElo "2390"]

1.d4 Nf6 2.c4 g6 3.Nc3 Bg7 4.e4 d6 5.Nf3 O-O 6.Be2 e5 7.d5 Na6 8.Nd2 c5 9.a3 Ne8
10.h4 h5 11.Nf1 Bd7 12.Bg5 Nf6 13.Rb1 Qe8 14.Bd2 Ng4 15.f3 Nh6 16.Nb5 Bxb5
17.cxb5 Nb8 18.Qc1 Kh7 19.g4 f5 20.g5 Ng8 21.Ne3 fxe4 22.fxe4 Qf7 23.Rf1 Qd7
24.Rxf8 Bxf8 25.Kf2 a6 26.Qf1 Qf7+ 27.Kg1 Qxf1+ 28.Bxf1 b6 29.a4 Ne7 30.Nc4 axb5
31.axb5 Ra7 32.Bh3 Kg7 33.Rf1 Ng8 34.Be6 Be7 35.Bc3 Nd7 36.Rf7+ Kh8 37.Kg2 Rc7
38.Bxd7 Rxd7 39.Nxe5 dxe5 40.Bxe5+ Bf6 41.Bxf6+ Nxf6 42.Rxf6 Ra7 43.d6 Kg7
44.e5  1-0

[Event "Val Thorens Principal"]
[Site "Val Thorens"]
[Date "1994.??.??"]
[Round "3"]
[White "Lauferon, Patrick"]
[Black "Chernov, Vadim"]
[Result "1/2-1/2"]
[WhiteElo "2250"]
[BlackElo "2420"]

1.d4 Nf6 2.c4 d6 3.Nc3 Nbd7 4.Nf3 g6 5.e4 e5 6.Be2 Bg7 7.O-O O-O 8.dxe5 dxe5
9.b3 c6 10.Be3 Qe7 11.Qc2 Ne8 12.Ne1 Nc7 13.Bg4 h5 14.Bxd7 Bxd7 15.Rd1 Ne6
16.b4 Nd4 17.Qb2 Be6 18.c5 Bc4 19.Nd3 Rad8 20.Kh1 f5 21.f3 Qe6 22.Bg5 Rd7
23.Rf2 f4 24.Ne1 Qe8 25.Rfd2 Rdf7 26.Nc2 Ne6 27.Na3 Ba6 28.Rd8 Nxd8 29.Rxd8 Qe6
30.Rd6 Qc8 31.Rxg6 Kh7 32.Rd6 Bf6 33.Bxf6 Rxf6 34.Qd2 b5 35.cxb6 axb6 36.b5 cxb5
37.Naxb5 Bxb5 38.Nxb5 Qe8 39.Nc7 Qg6 40.Rxf6 Rxf6 41.Nd5 Rf7 42.Qb2 Rg7 43.a4 Qg5
44.Qd2 Qg6 45.Qb2 Qd6 46.Qb5 Kh6 47.Qe8 Qg6 48.Qh8+ Qh7 49.Qe8 Qg6 50.Qh8+  1/2-1/2

[Event "Val Thorens Principal"]
[Site "Val Thorens"]
[Date "1994.??.??"]
[Round "4"]
[White "Lalic, Bogdan"]
[Black "Mollov, Elin"]
[Result "1-0"]
[WhiteElo "2530"]
[BlackElo "2370"]

1.d4 g6 2.c4 Bg7 3.e4 d6 4.Nc3 Nf6 5.Nf3 O-O 6.Be2 e5 7.Be3 h6 8.O-O Ng4
9.Bc1 Nd7 10.h3 Ngf6 11.dxe5 dxe5 12.Be3 Nh5 13.Qd2 Kh7 14.Ne1 Qh4 15.Bg4 Nb6
16.Nf3 Qd8 17.Bxh5 gxh5 18.Qe2 Be6 19.Rfd1 Qf6 20.c5 Nd7 21.Nd5 Qg6 22.Ne7 Qf6
23.Nf5 Bxf5 24.exf5 Rad8 25.Qc2 Kh8 26.Qe4 b6 27.cxb6 axb6 28.Rd2 Nb8 29.Rad1 Nc6
30.g4 hxg4 31.hxg4 Rg8 32.Kf1 Rxd2 33.Rxd2 Nd4 34.Nxd4 exd4 35.Rxd4 Qh4 36.Rd7 Bxb2
37.Rxf7 Qxg4 38.Qxg4 Rxg4 39.Rxc7 Ra4 40.Rc6 h5 41.Rxb6 Ba1 42.Kg2 Kg7 43.Kh3 Bf6
44.Rb7+ Kg8 45.Ra7 Rh4+ 46.Kg3 Rg4+ 47.Kf3 Rg1 48.a4 h4 49.Bf4 h3 50.a5 Ra1
51.Kg3 Ra4 52.Be3 Rh4 53.Kh2 Be5+ 54.f4 Bxf4+ 55.Bxf4 Rxf4 56.a6  1-0

[Event "Val Thorens Principal"]
[Site "Val Thorens"]
[Date "1994.??.??"]
[Round "6"]
[White "Lacrosse, Marc"]
[Black "Louis, Jean Philipp"]
[Result "1-0"]
[WhiteElo "2240"]
[BlackElo "1930"]

1.d4 Nf6 2.c4 g6 3.Nc3 Bg7 4.e4 d6 5.Nf3 O-O 6.Be2 e5 7.dxe5 dxe5 8.Qxd8 Rxd8
9.Bg5 Re8 10.Nd5 Nxd5 11.cxd5 c6 12.Bc4 cxd5 13.Bxd5 Na6 14.O-O-O Nc7 15.Bb3 a5
16.a3 a4 17.Ba2 Be6 18.Bxe6 Nxe6 19.Be3 Nd4 20.Bxd4 exd4 21.Rhe1 Rac8+ 22.Kb1 Rcd8
23.e5 Kf8 24.Re4 b5 25.Rdxd4 Rxd4 26.Nxd4 Rb8 27.f4 Ke8 28.Nc6 Rb6 29.Nb4 Rb7
30.Nd5 Kd7 31.g4 Ke6 32.Nc3 Bf8 33.Rd4 h5 34.h3 hxg4 35.hxg4 g5 36.fxg5 Kxe5
37.Re4+ Kd6 38.Rf4 Ke6 39.g6 f6 40.Re4+ Kd7 41.Nd5 Kc6 42.Nxf6 Bg7 43.g5 Kc5
44.Rh4 Kd6 45.Rh7  1-0

[Event "Vantaa op"]
[Site "Vantaa"]
[Date "1994.??.??"]
[Round "?"]
[White "Veingold, Aleksandr"]
[Black "Vetemaa, Juri"]
[Result "0-1"]
[WhiteElo "2465"]
[BlackElo "2380"]

1.d4 Nf6 2.Nf3 g6 3.c4 Bg7 4.Nc3 O-O 5.e4 d6 6.Be2 Nbd7 7.O-O e5 8.Qc2 c6
9.Rd1 Qc7 10.d5 cxd5 11.cxd5 Nc5 12.Ne1 Bd7 13.Be3 Rfc8 14.Rac1 a5 15.Qb1 Qb8
16.f3 b5 17.b4 axb4 18.Qxb4 Na6 19.Qb2 b4 20.Nb1 Nc5 21.Nd3 Ba4 22.Nxc5 Bxd1
23.Na6 Bh6 24.Qd2 Rxc1 25.Qxc1 Bxe3+ 26.Qxe3 Qc8 27.Bxd1 Qxa6 28.Bb3 Rc8
29.Nd2 Rc7 30.Kf2 Nd7  0-1

[Event "Vantaa op2"]
[Site "Vantaa"]
[Date "1994.??.??"]
[Round "2"]
[White "Veingold, Aleksandr"]
[Black "Niemela, Antti"]
[Result "1/2-1/2"]
[WhiteElo "2465"]
[BlackElo "2165"]

1.d4 Nf6 2.Nf3 g6 3.c4 Bg7 4.Nc3 O-O 5.e4 d6 6.Be2 e5 7.Be3 Ng4 8.Bg5 f6
9.Bc1 Nc6 10.O-O f5 11.Bg5 Bf6 12.Bxf6 Nxf6 13.exf5 gxf5 14.dxe5 dxe5 15.Qxd8 Rxd8
16.Nd5 Ne8 17.Rad1 Be6 18.a3 h6 19.Rfe1 e4 20.Nh4 Bxd5 21.cxd5 Ne7 22.g4 fxg4
23.Bxg4 Nf6 24.Be6+ Kg7 25.Kh1 Nfxd5 26.Rxe4 Nf6 27.Rg1+ Kh7 28.Re3 Rd4 29.Nf5 Nxf5
30.Bxf5+ Kh8 31.Re7 Rf4 32.Bb1 Rxf2 33.Rxc7 b6 34.b4 a5 35.b5 Rd8 36.Rc6 Rg8
37.Rxb6 Ng4 38.Rg3 Rf1+ 39.Kg2 Rxb1 40.Kh3 Nf2+ 41.Kh4 Rxg3 42.Kxg3 Ne4+
43.Kf4 Nc3 44.Rxh6+ Kg7 45.Rc6 Nxb5 46.Rc5 a4 47.Rc4 Nxa3 48.Rxa4 Nb5  1/2-1/2

[Event "Vantaa op2"]
[Site "Vantaa"]
[Date "1994.??.??"]
[Round "3"]
[White "Niemela, Antti"]
[Black "Kanko, Ilkka"]
[Result "1/2-1/2"]
[WhiteElo "2165"]
[BlackElo "2320"]

1.d4 Nf6 2.c4 g6 3.Nc3 Bg7 4.e4 d6 5.Nf3 O-O 6.Be2 e5 7.O-O exd4 8.Nxd4 Re8
9.f3 c6 10.Kh1 Nbd7 11.Bg5 Qb6 12.Nb3 a5 13.Qd2 a4 14.Be3 Qd8 15.Nd4 Nc5
16.Rad1 Nfd7 17.Rfe1 Be5 18.f4 Bg7 19.Bf3 Qa5 20.Bf2 Qb4 21.a3 Qa5 22.Nc2 Bf8
23.Bh4 Nb6 24.Ne3 Be6 25.Be2 Nb3 26.Qd3 Nd7 27.f5 Ne5 28.Qc2 Bd7 29.Ng4 Nxg4
30.Bxg4 h5 31.Bh3 gxf5 32.Bxf5 Bxf5 33.exf5 Rxe1+ 34.Rxe1 Nd4 35.Qf2 Nxf5
36.Rf1 Nxh4 37.Qxf7+ Kh8 38.Qf6+ Bg7 39.Qxh4 Bxc3 40.bxc3 Qe5 41.Re1 Rf8
42.h3 Qf5 43.Qe7 Qf6  1/2-1/2

[Event "Balkaniad"]
[Site "Varna"]
[Date "1994.??.??"]
[Round "1"]
[White "Erdogan, Hakan"]
[Black "Badea, Bela"]
[Result "0-1"]
[WhiteElo "2285"]
[BlackElo "2380"]

1.d4 Nf6 2.c4 g6 3.Nc3 Bg7 4.e4 d6 5.Be2 O-O 6.Nf3 e5 7.dxe5 dxe5 8.Qxd8 Rxd8
9.Bg5 Nbd7 10.O-O-O Rf8 11.Nd5 c6 12.Ne7+ Kh8 13.Nxc8 Raxc8 14.b4 Rc7 15.Nd2 a5
16.a3 Ra8 17.Kb2 Nf8 18.Be3 Ne6 19.Bb6 axb4 20.axb4 Rd7 21.f3 Bf8 22.c5 Nf4
23.Bf1 Bh6 24.Bc4 Nxg2 25.Nb3 Ne3 26.Rxd7 Nxc4+ 27.Kc3 Nxd7 28.Kxc4 Nxb6+
29.cxb6 Ra6 30.Rd1 Rxb6 31.Rd7 Bf8 32.Rxf7 Kg8 33.Rd7 Rxb4+ 34.Kc3 b5 35.Rc7 c5
36.Rb7 Rc4+ 37.Kd3 Ra4 38.Ke2 c4 39.Nd2 Ra2 40.Kd1  0-1

[Event "Balkaniad"]
[Site "Varna"]
[Date "1994.??.??"]
[Round "2"]
[White "Pavlovic, Milos"]
[Black "Dimitrov, Vladimir"]
[Result "0-1"]
[WhiteElo "2480"]
[BlackElo "2460"]

1.c4 g6 2.d4 Bg7 3.Nf3 Nf6 4.Nc3 O-O 5.e4 d6 6.Be2 e5 7.d5 a5 8.Bg5 h6 9.Bh4 Na6
10.Nd2 Bd7 11.O-O Qe8 12.Kh1 Nh7 13.b3 h5 14.f3 Bh6 15.a3 Be3 16.Rb1 f5 17.b4 axb4
18.axb4 f4 19.Be1 g5 20.c5 dxc5 21.Bxa6 bxa6 22.Nc4 cxb4 23.Nxe3 bxc3 24.Nc4 Ba4
25.Qc1 c2 26.Rb2 Rb8 27.Bb4 Rf6 28.Rg1 Nf8 29.Bc3 Ng6 30.Rxb8 Qxb8 31.Qa1 Qb5
32.Nxe5 Rb6 33.Nxg6 Qb1 34.Qa3 Rxg6 35.Bd2 Qb5 36.Qc3 c6 37.Qe5 cxd5 38.Bc3 Qb6
39.exd5 Qxg1+ 40.Kxg1 c1=Q+ 41.Kf2 Qc2+ 42.Kg1 Qc1+  0-1

[Event "Balkaniad"]
[Site "Varna"]
[Date "1994.??.??"]
[Round "2"]
[White "Stojanovic, Mihajlo"]
[Black "Petrov, Marijan"]
[Result "1-0"]
[WhiteElo "2300"]
[BlackElo "2400"]

1.d4 Nf6 2.Nf3 g6 3.c4 Bg7 4.Nc3 O-O 5.e4 d6 6.Be2 e5 7.Be3 exd4 8.Nxd4 Re8
9.f3 c6 10.Qd2 d5 11.exd5 cxd5 12.O-O Nc6 13.Rad1 dxc4 14.Nxc6 Qxd2 15.Bxd2 bxc6
16.Bxc4 Be6 17.Bxe6 Rxe6 18.Rfe1 Rxe1+ 19.Bxe1 Nd5 20.Nxd5 cxd5 21.b3 d4
22.Kf1 Re8 23.Bf2 f5 24.Rd2 Rd8 25.Ke2 Kf7 26.Kd3 Be5 27.g3 Ke6 28.Rc2 g5
29.Rc4 h5 30.Bxd4 h4 31.gxh4 g4 32.fxg4 fxg4 33.Ke4 Bxh2 34.h5 Rd5 35.Rc6+ Bd6
36.h6 Rh5 37.Bg7 g3 38.Kf3 Rf5+ 39.Kg2 Rf2+ 40.Kg1 Rh2 41.Bf8  1-0

[Event "Balkaniad"]
[Site "Varna"]
[Date "1994.??.??"]
[Round "3"]
[White "Moutousis, Konstantinos"]
[Black "Gurcan, Selim"]
[Result "1-0"]
[WhiteElo "2425"]
[BlackElo "2205"]

1.d4 Nf6 2.Nf3 g6 3.c4 Bg7 4.Nc3 O-O 5.e4 d6 6.Be2 e5 7.d5 Nbd7 8.Bg5 h6
9.Bh4 g5 10.Bg3 Nh5 11.h4 g4 12.Nd2 Nxg3 13.fxg3 h5 14.O-O f5 15.exf5 Nc5
16.Qc2 e4 17.Ndxe4 Nxe4 18.Nxe4 Bxf5 19.Bd3 Bd4+ 20.Kh1 Bxe4 21.Bxe4 Qe7
22.Bg6 Rxf1+ 23.Rxf1 Rf8 24.Rxf8+ Qxf8 25.Qe2 Be5 26.Bxh5 Bxg3 27.Qxg4+ Qg7
28.Qe6+ Kh8 29.Bf7 Be5 30.Qc8+ Kh7 31.Qf5+ Kh8 32.g4 Qh7 33.Qxh7+ Kxh7 34.Kg2 Kg7
35.Be6 Bxb2 36.g5 Bc1 37.Kh3 Kg6 38.Kg4 Kg7 39.Bc8 b6 40.Kf5 Be3 41.h5 Bd4
42.h6+ Kh7 43.Ke4 Bb2 44.Bf5+  1-0

[Event "Balkaniad"]
[Site "Varna"]
[Date "1994.??.??"]
[Round "4"]
[White "Kolev, Aleksandar"]
[Black "Nikolaidis, Ioannis"]
[Result "1-0"]
[WhiteElo "2345"]
[BlackElo "2410"]

1.Nf3 g6 2.c4 Bg7 3.d4 Nf6 4.Nc3 O-O 5.e4 d6 6.Be2 e5 7.Be3 Ng4 8.Bg5 f6
9.Bh4 Nc6 10.d5 Ne7 11.Nd2 f5 12.h3 Nf6 13.g4 Kh8 14.f3 c6 15.a3 Bd7 16.Nf1 cxd5
17.cxd5 Rc8 18.Bd3 fxe4 19.fxe4 Ne8 20.Qd2 Rf4 21.Bg5 Rf7 22.Nh2 Bf6 23.Be3 Bh4+
24.Ke2 g5 25.Nf3 Rxf3 26.Kxf3 Ng6 27.Raf1 Nf6 28.Rfg1 Qe7 29.Ke2 Nf4+ 30.Kd1 a6
31.Kc2 b5 32.Kb1 Rb8 33.Ne2 Be8 34.Nxf4 gxf4 35.g5 Nh5 36.Bf2 Bxg5 37.Be2 Ng3
38.Bxg3 fxg3 39.Qd3 Bf4 40.h4 a5 41.Bg4 b4 42.Bf5 Qa7 43.Rxg3 Bb5 44.Qf3 bxa3
45.Rg2 Qd4 46.Qxa3 Qd3+ 47.Qxd3 Bxd3+ 48.Ka2 Bc4+ 49.Kb1 Bd3+ 50.Ka2 Bc4+
51.Ka1 Be3 52.Rh3 Bf1 53.Rxe3 Bxg2 54.h5 h6 55.Rg3 Rg8 56.Ra3 Ra8 57.b4 a4
58.Rg3 Bf1 59.Rg6 a3 60.Rxh6+ Kg7 61.Rxd6  1-0

[Event "Balkaniad"]
[Site "Varna"]
[Date "1994.??.??"]
[Round "5"]
[White "Stojanovic, Mihajlo"]
[Black "Dumitrescu, Dragos"]
[Result "1-0"]
[WhiteElo "2315"]
[BlackElo "2345"]

1.d4 Nf6 2.Nf3 g6 3.c4 Bg7 4.Nc3 O-O 5.e4 d6 6.Be2 e5 7.Be3 h6 8.O-O Ng4
9.Bc1 Nc6 10.d5 Ne7 11.Ne1 f5 12.Bxg4 fxg4 13.Be3 b6 14.a4 a5 15.Nd3 g5 16.f3 gxf3
17.Rxf3 Ng6 18.Rxf8+ Qxf8 19.g3 Bd7 20.Qh5 Be8 21.Rf1 Qe7 22.Qe2 Nf8 23.Nf2 Nh7
24.Bd2 Bd7 25.Nfd1 Bh3 26.Rf2 Nf6 27.Ne3 Rf8 28.b3 Qd7 29.Rf3 Rf7 30.Qd3 Bg4
31.Nxg4 Nxg4 32.Nd1 Kh8 33.Kg2 Qe8 34.h3 Rxf3 35.Qxf3 Nf6 36.Ne3 Qg6 37.Nf5 Kh7
38.g4 Ng8 39.Bc3 Qf7 40.c5 dxc5 41.Nxg7 Kxg7 42.Bxe5+ Nf6 43.Bc3 Kg6 44.Qf5+ Kg7
45.Kg3 Qe7 46.Qf3 Qd8 47.Bb2 Kg6 48.Qf5+ Kg7 49.Kf3 Qd6 50.Be5 Qe7 51.Qe6 Qf8
52.Ke3 Qd8 53.Qc6  1-0

[Event "Velden op"]
[Site "Velden"]
[Date "1994.??.??"]
[Round "2"]
[White "Moutousis, Konstantinos"]
[Black "Mihevc, Narcisa"]
[Result "1-0"]
[WhiteElo "2425"]
[BlackElo "2110"]

1.d4 Nf6 2.Nf3 g6 3.c4 Bg7 4.Nc3 d6 5.e4 O-O 6.Be2 e5 7.d5 a5 8.Bg5 Na6 9.Nd2 Qe8
10.O-O h6 11.Bh4 Nh7 12.Kh1 h5 13.f3 Bh6 14.b3 Kh8 15.a3 Bd7 16.Rb1 Rg8 17.b4 axb4
18.axb4 f5 19.exf5 gxf5 20.Bf2 Qg6 21.Rg1 Nf6 22.c5 h4 23.Nc4 Nh5 24.Bxh4 Rg7
25.g3 Re8 26.cxd6 cxd6 27.f4 Nf6 28.Nxd6 Ng4 29.Bxg4 Qxd6 30.Bh5 Rc8 31.Ne2 Rc4
32.fxe5 Qxe5 33.Bf3 Nxb4 34.Nf4 Rd4 35.Qb3 Bg5 36.Bxg5 Rxg5 37.Rge1 Qd6 38.Qc3 Nc6
39.dxc6 Bxc6 40.Bxc6 Qxc6+ 41.Qxc6  1-0

[Event "Vienna op"]
[Site "Vienna"]
[Date "1994.??.??"]
[Round "9"]
[White "Van Wely, Loek"]
[Black "Balinov, Ilija"]
[Result "1-0"]
[WhiteElo "2560"]
[BlackElo "2340"]

1.d4 Nf6 2.c4 g6 3.Nc3 Bg7 4.e4 O-O 5.Nf3 d6 6.Be2 e5 7.O-O exd4 8.Nxd4 Re8
9.f3 Nc6 10.Be3 Nh5 11.f4 Nf6 12.Bf3 Ng4 13.Bxg4 Bxg4 14.Nxc6 Qd7 15.Qd3 Qxc6
16.Bd4 Be6 17.b3 f5 18.Bxg7 Kxg7 19.Qd4+ Kf7 20.exf5 gxf5 21.Rf3 Qb6 22.Qxb6 axb6
23.Rd1 Bd7 24.Rh3 Rh8 25.a4 Bc6 26.Rh5 h6 27.Rd3 Raf8 28.Nd5 Bxd5 29.Rxf5+ Kg6
30.Rfxd5 Re8 31.Kf2 Re4 32.R5d4 Rhe8 33.Rxe4 Rxe4 34.g3 Kf6 35.Rd2 Kf5 36.Rd5+ Kf6
37.Rd3 Kf5 38.h3 Kf6 39.Rd1 Kf5 40.Kf3 Re8 41.g4+ Kf6 42.h4 h5 43.g5+ Kg6
44.Rd5 Re1 45.f5+ Kf7 46.f6 Rh1 47.Kg3 Rg1+ 48.Kh2 Rg4 49.Kh3 Rg1 50.Rd3 Re1
51.Rf3 Re8 52.Kg3  1-0

[Event "LTU-ch  Vilnius"]
[Site "Vilnius"]
[Date "1994.??.??"]
[Round "7"]
[White "Slekys, Emilis"]
[Black "Malisauskas, Vidmantas"]
[Result "0-1"]
[WhiteElo "2380"]
[BlackElo "2525"]

1.d4 Nf6 2.c4 g6 3.Nc3 Bg7 4.Nf3 O-O 5.e4 d6 6.Be2 e5 7.dxe5 dxe5 8.Qxd8 Rxd8
9.Bg5 Re8 10.Nd5 Nxd5 11.cxd5 c6 12.Bc4 b5 13.Bb3 Bb7 14.dxc6 Bxc6 15.Be3 h6
16.Nd2 a5 17.a3 a4 18.Ba2 Na6 19.Ke2 Bf8 20.Rhc1 Rac8 21.f3 Kg7 22.Bb6 f5
23.exf5 gxf5 24.Nf1 Bd7 25.Ne3 f4 26.Nd5 b4 27.axb4 Bb5+ 28.Kf2 Bxb4 29.Nxb4 Nxb4
30.Kg1 Nxa2  0-1